| Tag |
First Indicator |
Second Indicator |
Subfields |
| LEADER |
00000nam a2200000Ia 4500 |
| 001 |
in00004339739 |
| 005 |
20200812094725.0 |
| 006 |
m g d |
| 007 |
cr bn |||a|bb| |
| 008 |
101209s1667 enka o 000 0 eng d |
| 040 |
|
|
|a UMI
|c UMI
|e dcrb
|
| 035 |
|
|
|a (OCoLC)690988616
|
| 037 |
|
|
|a CL0037000134
|b ProQuest, 789 E. Eisenhower Parkway, Ann Arbor, MI 48108-3218
|
| 043 |
|
|
|a e-uk-en
|
| 090 |
|
|
|a BJ1609
|b .P75 1667
|
| 049 |
|
|
|a UMIA
|
| 100 |
1 |
|
|a L. P.
|q (Laurence Price),
|d fl. 1625-1680?
|
| 245 |
1 |
4 |
|a The vertuous wife is the glory of her husband; or A good woman in her proper colours. :
|b Shewing at large the rare endowments, excellent qualities, that are as ornaments and jewels, which bedeck the breast of the truly vertuous woman. Also ten characters, or rare jewels, hanging in the crown of the vertuous wife, who is the glory of her husband, the honour of her age, the mirrour of her sex, the best earthly portion in the world. Likewise many examples, as well modern as divine, queens, princes, and ladies, eminent for vertue and goodness. Lastly, a few counsels to all young men to be wary in their choice, if ever they would obtain, that portion or portions and incomparable jewel, the good wife /
|c by L.P. A well-wisher to all good women.
|
| 246 |
3 |
|
|a Virtuous wife is the glory of her husband
|
| 246 |
3 |
0 |
|a Good woman in her proper colours
|
| 260 |
|
|
|a [London] :
|b Printed for T. Passenger, at the Three Bibles on the middle of London-bridge,
|c 1667.
|
| 300 |
|
|
|a 1 online resource (21, [2] pages :
|b illustrations.
|
| 336 |
|
|
|a text
|b txt
|2 rdacontent
|
| 337 |
|
|
|a computer
|b c
|2 rdamedia
|
| 338 |
|
|
|a online resource
|b cr
|2 rdacarrier
|
| 500 |
|
|
|a L.P. = Laurence Prince. Cf. Wing (2nd edition).
|
| 500 |
|
|
|a Frontispiece includes verse.
|
| 500 |
|
|
|a Publishers advertisements on [2] pages at end.
|
| 500 |
|
|
|a Reproduction of original in: British Library.
|
| 510 |
4 |
|
|a Wing (2nd edition)
|c P3387
|
| 533 |
|
|
|a Electronic reproduction.
|b Ann Arbor, Mich. :
|c UMI,
|d 1999-
|f (Early English books online)
|n Digital version of: (Early English Books, 1641-1700 ; 2983:5)
|7 s1999 miun s
|
| 650 |
|
0 |
|a Women
|x Conduct of life
|z England
|v Early works to 1800.
|
| 650 |
|
0 |
|a Christian life
|z England
|v Early works to 1800.
|
| 830 |
|
0 |
|a Early English books online.
|
| 856 |
4 |
0 |
|u http://proxy.library.tamu.edu/login?url=https://search.proquest.com/docview/2240877555
|z Connect to the full text of this electronic book
|t 0
|
| 994 |
|
|
|a 02
|b UMI
|
| 999 |
f |
f |
|s 30208360-e315-30ef-843c-e80c34aa9179
|i 8405e4e9-26d1-33e4-9060-918575b7bf40
|t 0
|
| 952 |
f |
f |
|a Texas A&M University
|b College Station
|c Electronic Resources
|d Available Online
|t 0
|e BJ1609 .P75 1667
|h Library of Congress classification
|
| 998 |
f |
f |
|a BJ1609 .P75 1667
|t 0
|l Available Online
|